000 00707nam a22002057a 4500
999 _c157621
_d157621
005 20180922115112.0
010 _aENG-124023
020 _c295.00
_a8183820611
035 _aEN-107555
037 _bDBAD/PUB
082 _a320.3
100 _aJohari, J.C.
245 _aNew comparative government:
_cby J.C. Johari
_b(a concise study of domestic politics around the world) /
250 _a2nd revised ed.
260 _aNew Delhi
_c2011
_bLotus Press
270 _bNew Delhi
_a4263/3, Ansari Raod, Darya Ganj,
_e110002
300 _a730p.
_c21(pbk.)
500 _aIt includes appendix: recent political developments new constitution of Switzerland
942 _2ddc
_cEN
_h320.3
_mJOH